| 000 | 00410nam a2200133Ia 4500 | ||
|---|---|---|---|
| 008 | 191014s9999 xx 000 0 und d | ||
| 020 | _aLC 63-21682 | ||
| 082 |
_a517.81 _bKLE |
||
| 100 |
_aFelix Klein _920323 |
||
| 245 | 0 | _aOn Riemann's Theory of Algebraic Functions and their Integrals Asupplement to the Usual Treatises | |
| 260 |
_aUSA _bDover Publications INC. _c1963 |
||
| 300 | _aViii,76 | ||
| 942 | _cBK | ||
| 999 |
_c530895 _d530895 |
||